ՀՀ Գիտությունների ազգային ակադեմիայի հիմնարար գիտական գրադարան  =   Fundamental Scientific Library of NAS RA

Հացահատիկների բերքատվության բարձրացման անհրաժեշտ ագրոձեռնարկումները / (Record no. 195076)

MARC details
000 -LEADER
fixed length control field 00841nam a2200205 u 4500
001 - CONTROL NUMBER
control field 000525582
003 - CONTROL NUMBER IDENTIFIER
control field AM-YeHGA
005 - DATE AND TIME OF LATEST TRANSACTION
control field 20250618072843.0
008 - FIXED-LENGTH DATA ELEMENTS--GENERAL INFORMATION
fixed length control field 070312s1933 ai r 000 0 arm d
040 ## - CATALOGING SOURCE
Original cataloging agency AM-YeHGA
041 0# - LANGUAGE CODE
Language code of text/sound track or separate title arm
090 ## - LOCALLY ASSIGNED LC-TYPE CALL NUMBER (OCLC); LOCAL CALL NUMBER (RLIN)
-- 196552
100 1# - MAIN ENTRY--PERSONAL NAME
Personal name Աղաջանյան, Գեղամ Խաչատուրի,
Dates associated with a name 1891-1969
9 (RLIN) 2114
245 10 - TITLE STATEMENT
Title Հացահատիկների բերքատվության բարձրացման անհրաժեշտ ագրոձեռնարկումները /
Statement of responsibility, etc. Գ. Աղաջանյան; ՀՍԽՀ հողժողկոմատ- ագրո-տեխ-պրոպսեկտոր.
260 ## - PUBLICATION, DISTRIBUTION, ETC.
Place of publication, distribution, etc. Յերեվան :
Name of publisher, distributor, etc. Պետհրատ,
Date of publication, distribution, etc. 1933.
300 ## - PHYSICAL DESCRIPTION
Extent 44 էջ ;
Dimensions 20 սմ.
650 14 - SUBJECT ADDED ENTRY--TOPICAL TERM
Topical term or geographic name entry element Գյուղատնտեսություն
9 (RLIN) 4945
710 2# - ADDED ENTRY--CORPORATE NAME
Corporate name or jurisdiction name as entry element ՀՍԽՀ Հողժողկոմատ
Subordinate unit Ագրո-տեխ-պրոպսեկտոր
942 ## - ADDED ENTRY ELEMENTS (KOHA)
Source of classification or shelving scheme Universal Decimal Classification
Koha item type Գրքեր / Books
Holdings
Withdrawn status Lost status Damaged status Not for loan Collection Home library Current library Date acquired Cost, normal purchase price Total checkouts Full call number Barcode Date last seen Price effective from Koha item type Public note
        General Fundamental Scientific Library Fundamental Scientific Library 28/12/2016 13.00   AII/23042 FL0004418 28/12/2016 28/12/2016 Գրքեր / Books 30 Days Loan


ՀՀ ԳԱԱ հիմնարար գիտական գրադարան
ՀՀ,Երևան 0019
Մարշալ Բաղրամյան 24/6
հեռախոս:(374-10) 52-47-50
Հետադարձ կապ

All site content, except where otherwise noted, is licensed under a
Creative Commons License